Podrobnosti MARC
| 000 -Návěští |
| Řídící pole kódované 24B |
02707nam a2200541 i 4500 |
| 001 - Kontrolní číslo |
| Řídící pole proměnné |
5238541 |
| 003 - Identifikátor kontrolního čísla |
| Řídící pole proměnné |
CZ PrSKC |
| 005 - Datum posledního zpracování |
| Řídící pole 16B |
20260512145338.0 |
| 007 - Pole pevné délky pro fyzický popis |
| Řídící pole kódované |
ta |
| 008 - Údaje pevné délky |
| Řídící pole kódované 40B |
260505s2026 xr a c 6 000 1 cze |
| 015 ## - |
| -- |
cnb003756581 |
| 020 ## - ISBN |
| ISBN |
978-80-275-2863-9 |
| -- |
(vázáno) |
| 040 ## - Zdroj katalogizace-agentura |
| Agentura původní katalogizace |
ABG001 |
| Jazyk katalogizace |
cze |
| Použitá pravidla popisu |
rda |
| 041 1# - Kód jazyka |
| Kód jazyka textu/zvuku, mezititulků |
cze |
| Kód jazyka originálu |
fin |
| 072 #7 - Kód předmětové kategorie - Konspekt |
| Předmětová kategorie |
741.52 |
| Zpřesnění předmětové kategorie |
Komiksy. Komiksové adaptace |
| Zdroj předmětové klasifikace |
Konspekt |
| -- |
21 |
| 072 #7 - Kód předmětové kategorie - Konspekt |
| Předmětová kategorie |
821-93 |
| Zpřesnění předmětové kategorie |
Literatura pro děti a mládež (beletrie) |
| Zdroj předmětové klasifikace |
Konspekt |
| -- |
26 |
| 080 ## - MDT |
| Klasifikační znak MDT |
741.52(0:82-322.9) |
| Idetifikátor vydání MDT |
MRF |
| 080 ## - MDT |
| Klasifikační znak MDT |
741.52(0:82-321.3) |
| Idetifikátor vydání MDT |
MRF |
| 080 ## - MDT |
| Klasifikační znak MDT |
821-93 |
| Idetifikátor vydání MDT |
MRF |
| 044 ## - Kód země vydání/výroby |
| Kód geografické oblasti/země |
xr |
| 100 1# - Hlavní záhlaví - osobní jméno autora |
| Osobní jméno |
Westin, Miila, |
| Datumy související se jménem |
1987- |
| -- |
xx0337646 |
| Kód role |
aut |
| -- |
ill |
| 9 (RLIN) |
20381 |
| 240 10 - Unifikovaný název |
| Unifikovaný název |
<a href="Vaarallinen uni.">Vaarallinen uni.</a> |
| Jazyk díla |
Česky |
| 245 10 - Údaje o názvu |
| Název |
Bájníci. |
| Číslo části/sekce díla |
2, |
| Název části/sekce díla |
Nebezpečný sen / |
| Údaj o odpovědností, atd. |
Miila Westinová ; přeložil Michal Švec |
| 246 30 - Variantní vázvy |
| Hlavní název/zkrácený název |
Nebezpečný sen |
| 250 ## - Údaje o vydání |
| Označení vydání |
První vydání |
| 264 #1 - Nakladatelské údaje |
| Místo vydání |
Brno : |
| Nakladatel |
Host, |
| Rok vydání |
2026 |
| 300 ## - Fyzický popis |
| Rozsah |
105 stran : |
| další fyzické údaje |
barevné ilustrace ; |
| Rozměry |
26 cm |
| 336 ## - |
| -- |
text |
| -- |
txt |
| -- |
rdacontent |
| 336 ## - |
| -- |
statický obraz |
| -- |
sti |
| -- |
rdacontent |
| 337 ## - |
| -- |
bez média |
| -- |
n |
| -- |
rdamedia |
| 338 ## - |
| -- |
svazek |
| -- |
nc |
| -- |
rdacarrier |
| 500 ## - Všeobecná poznámka |
| Text obecné poznámky |
Přeloženo z finštiny |
| 520 2# - Anotace |
| Anotace, atd. |
Barevné komiksové dobrodružství, založené na prastarých baltofinských mýtech. |
| Rozšířený text anotace |
Noční můra je jen zlý sen, ze kterého se můžeš probudit. Ale co když ne? Eevi se dostala na místo, odkud se smrtelníci většinou nevracejí -- do říše mrtvých Tuonely. Jí se však podařilo vrátit ve zdraví zpátky, a ještě přitom spolu s kamarády osvobodit kraj z nekončící zimy. Eevino setkání s nadpřirozenem tím zdánlivě skončilo, ale pronásledují ji zlé sny. Z jedné takové noční můry ji probudí podzemník Otso. Eevi má totiž starodávný přívěsek od babičky, který by mu mohl pomoct. Jenže po tomto mocném šperku baží i Louhi, hrozivá vládkyně Tuonely. Zlé sny se opakují a Eevi zjistí, že sen a skutečnost někdy dělí pouze velmi tenká hranice. Nakladatelská anotace. Kráceno. |
| 521 8# - |
| -- |
Pro čtenáře od 9 let |
| 655 #7 - Rejstříkový termín - žánr/forma |
| Žánr/forma či základní termín |
fantasy komiksy |
| -- |
fd1057473 |
| -- |
czenas |
| -- |
10419 |
| 655 #7 - Rejstříkový termín - žánr/forma |
| Žánr/forma či základní termín |
akční a dobrodružné komiksy |
| -- |
fd1057471 |
| -- |
czenas |
| -- |
10520 |
| 655 #7 - Rejstříkový termín - žánr/forma |
| Žánr/forma či základní termín |
publikace pro děti |
| -- |
fd133156 |
| -- |
czenas |
| 655 #9 - Rejstříkový termín - žánr/forma |
| Žánr/forma či základní termín |
fantasy comics |
| -- |
eczenas |
| -- |
10420 |
| 655 #9 - Rejstříkový termín - žánr/forma |
| Žánr/forma či základní termín |
action and adventure comics |
| -- |
eczenas |
| -- |
10521 |
| 655 #9 - Rejstříkový termín - žánr/forma |
| Žánr/forma či základní termín |
children's literature |
| -- |
eczenas |
| 700 1# - Vedlejší záhlaví - osobní jméno autora |
| Osobní jméno |
Švec, Michal, |
| Datumy související se jménem |
1984- |
| -- |
mzk2007423828 |
| Kód role |
trl |
| 9 (RLIN) |
14106 |
| 710 2# - Vedlejší záhlaví - jméno korporativního autora |
| Jméno korporace nebo jurisdikce |
Host (vydavatelství) |
| -- |
ko2003163544 |
| Kód role |
pbl |
| 787 08 - |
| -- |
Z cyklu: |
| -- |
Bájníci |
| -- |
2 |
| 900 ## - |
| -- |
ABG001 |
| -- |
19 |
| 998 ## - Místní kontrolní číslo (RLIN) |
| -- |
010844855 |
| 910 ## - Údaje o vlastníkovi jednotky (exempláře) |
| Sigla vlastníka jednotky |
ABG508 |
| 993 ## - pracovní čísla |
| -- |
294.00 |
| -- |
449.00 |
| -- |
Team Business |
| -- |
2026-05-12 |
| -- |
1076848 |